000 00491nam a2200181Ia 4500
003 GCL
008 140319s9999 xx 000 0 eng d
040 _aGCL /
_cGCL
082 0 4 _a155.6463
_bD P
100 1 _aDEUTSCH, HELENE
245 1 0 _aLA PSYCHOLOGIE DES FEMMES: ETUDE PSYCHANALYTIQUE /
_cDEUTSCH, HELENE
260 _a[S.N] :
_bPRESSES UNIVERSITAIRES DE FRANCE ،
_c1987
300 _a418 P
650 0 4 _aWOMEN
650 0 4 _aMOTHERHOOD
650 0 4 _aMOTHER CARE
942 _2ddc
_cBK
999 _c15192
_d15192